| 000 | 00428nam a22001577a 4500 | ||
|---|---|---|---|
| 999 |
_c1741 _d1741 |
||
| 008 | 200131b ||||| |||| 00| 0 eng d | ||
| 082 | 0 | 0 |
_a623.8 _bS514 |
| 100 |
_9275 _aSeward, Herbert Lee. |
||
| 245 | 1 | 0 |
_aPrinciples pf marine engineering, Vol - II _cby Herbert Lee Seward (Ed). |
| 250 | _aNew York | ||
| 260 |
_aNew York _bSNAME _c1944 |
||
| 300 | _aix,642p. | ||
| 365 | _d22.08 | ||
| 650 | 0 | _aMarine Engineering | |
| 942 | _cBK | ||